000 00416nam a22001697a 4500
005 20180707160445.0
008 160621b xxu||||| |||| 00| 0 eng d
020 _a978-81-203-3537-0
041 _aeng
082 _b8802
100 _aGomez, glifford
_94484
245 _aFinancial Markets, Institutions and Financial Services
260 _bPHI
_c2008
300 _a493
650 _aManagement
_9241
942 _cBK
999 _c3433
_d3432